| 000 | 01022nam a22002657a 4500 | ||
|---|---|---|---|
| 003 | OSt | ||
| 005 | 20210405150854.0 | ||
| 008 | 210405s1988 ck ao||gr|||| 00| 0 spa | ||
| 020 | _a9586141772 (obra completa) | ||
| 020 | _a9586141780 (tomo 1) | ||
| 020 | _a9586141799 (tomo 2) | ||
| 020 | _a9586141802 (tomo 3) | ||
| 020 | _a9586141810 (tomo 4) | ||
| 040 |
_aCO-JMCR _cCO-JMCR |
||
| 041 | 0 | _aspa | |
| 082 | 0 | 4 |
_aR / 920 / _bP979f _223 |
| 100 | 1 |
_aPujol, Carlos, _eautor _936613 |
|
| 245 | 1 | 4 |
_aForjadores del mundo contemporáneo : _blos 131 personajes que más han influido en la formación de nuestro mundo : colección de biografías / _cCarlos Pujol ; selección de ilustraciones, M.ª Teresa Arbó |
| 260 |
_aBogotá : _bPlaneta, _c1988 |
||
| 300 |
_a4 volúmenes : _bilustraciones y fotografías en blanco y negro ; _c25 cm. |
||
| 500 | _aIncluye índice al final de cada tomo. | ||
| 650 | 1 | 4 |
_aBiografías _91084 |
| 700 |
_aArbó, M.ª Teresa, _eSelección de ilustraciones _936614 |
||
| 942 |
_2ddc _cBK |
||
| 999 |
_c15514 _d15514 |
||